[Event "?"]
[Site "?"]
[Date "????.??.??"]
[Round "?"]
[White "Hecht, H."]
[Black "Winiwarter, F."]
[Result "1-0"]
[WhiteElo "2381"]
[BlackElo "2195"]
[PlyCount "113"]
[EventDate "2010.??.??"]
[WhiteTeam "Deutschland"]
[BlackTeam "Salzburg"]
[WhiteTeamCountry "GER"]

1. d4 Nf6 2. c4 c5 3. d5 e6 4. Nc3 exd5 5. cxd5 d6 6. Nf3 g6 7. g3 Bg7 8. Bg2
O-O 9. O-O Na6 10. Nd2 Nc7 11. Nc4 Nce8 12. Qc2 b6 13. b3 Ba6 14. a4 Bxc4 15.
bxc4 Nd7 16. Rb1 f5 17. f4 Nef6 18. Bd2 Re8 19. Rbe1 a6 20. h3 Ra7 21. Bf3 Nf8
22. g4 Qc8 23. g5 Ne4 24. Nxe4 fxe4 25. Bxe4 Qxh3 26. e3 Rae7 27. Bg2 Qd7 28.
Qb3 Rb8 29. Rb1 h6 30. gxh6 Bxh6 31. Rf3 Rh7 32. Bh3 Qe8 33. Qc2 Bg7 34. Rbf1
Bf6 35. e4 Bd4+ 36. Be3 Bg7 37. Bc1 Bd4+ 38. Kg2 b5 39. axb5 axb5 40. e5 dxe5
41. fxe5 Nd7 42. Be6+ Kh8 43. Bxd7 Qxd7 44. e6 Qd8 45. Bf4 Ra8 46. Qe2 bxc4 47.
Be5+ Kg8 48. Rf8+ Qxf8 49. Rxf8+ Kxf8 50. Bxd4 cxd4 51. d6 Rha7 52. Qf2+ Kg8
53. Qxd4 c3 54. d7 Ra2+ 55. Kg3 Rd2 56. Qxc3 Rd6 57. Qc8+ 1-0

[Event "?"]
[Site "?"]
[Date "????.??.??"]
[Round "?"]
[White "Woeber, F."]
[Black "Clemens, C."]
[Result "1/2-1/2"]
[WhiteElo "2185"]
[BlackElo "2314"]
[PlyCount "30"]
[EventDate "2010.??.??"]
[WhiteTeam "Salzburg"]
[BlackTeam "Deutschland"]
[BlackTeamCountry "GER"]

1. e4 Nc6 2. Nf3 d5 3. exd5 Qxd5 4. Nc3 Qh5 5. Nb5 Kd8 6. d4 Bg4 7. Bf4 Bxf3 8.
Qxf3 Qxf3 9. gxf3 Nb4 10. O-O-O Nd5 11. Bg3 a6 12. Nc3 e6 13. Nxd5 exd5 14. c4
Nf6 15. Be5 c6 1/2-1/2

[Event "?"]
[Site "?"]
[Date "????.??.??"]
[Round "?"]
[White "Haakert, J."]
[Black "Hackbarth, W."]
[Result "1/2-1/2"]
[WhiteElo "2392"]
[BlackElo "2136"]
[PlyCount "51"]
[EventDate "2010.??.??"]
[WhiteTeam "Deutschland"]
[BlackTeam "Salzburg"]
[WhiteTeamCountry "GER"]

1. c4 g6 2. g3 Bg7 3. Bg2 c5 4. Nc3 Nc6 5. Nf3 Nf6 6. O-O O-O 7. d3 d6 8. Rb1
Rb8 9. a3 a5 10. Bd2 Bd7 11. Ne1 Qc8 12. Nc2 Bh3 13. b4 Bxg2 14. Kxg2 axb4 15.
axb4 b6 16. Bg5 Qd7 17. Qd2 e6 18. e4 Ng4 19. h3 f6 20. Bf4 Nge5 21. Be3 f5 22.
f4 Nf7 23. exf5 gxf5 24. Bf2 d5 25. cxd5 exd5 26. bxc5 1/2-1/2

[Event "?"]
[Site "?"]
[Date "????.??.??"]
[Round "?"]
[White "Macdonald-Ross, M."]
[Black "Wittmann, W."]
[Result "1/2-1/2"]
[WhiteElo "2176"]
[BlackElo "2294"]
[PlyCount "81"]
[EventDate "2010.??.??"]
[WhiteTeam "England 1"]
[BlackTeam "Österreich"]
[BlackTeamCountry "AUT"]

1. d4 d5 2. c4 e6 3. Nf3 Nf6 4. g3 dxc4 5. Bg2 a6 6. O-O Nc6 7. e3 Bd7 8. Qe2
b5 9. Ne5 Nd5 10. Nxc6 Bxc6 11. e4 Nb6 12. d5 Bd7 13. dxe6 Bxe6 14. Rd1 Qc8 15.
Bg5 f6 16. Be3 Nd7 17. f4 Be7 18. Nc3 O-O 19. Qf2 Nb6 20. Rd2 Rd8 21. Rad1 Rxd2
22. Rxd2 Qf8 23. e5 Rd8 24. Rxd8 Qxd8 25. f5 Bd5 26. e6 Bxg2 27. Kxg2 b4 28.
Ne4 Qd3 29. Nc5 Bxc5 30. Bxc5 Qe4+ 31. Qf3 Qxf3+ 32. Kxf3 c3 33. bxc3 bxc3 34.
Ke2 Nd5 35. Kd3 g6 36. g4 gxf5 37. gxf5 Kg7 38. Bd4 Ne7 39. Bxc3 Nxf5 40. Ke4
Ne7 41. Bb2 1/2-1/2

[Event "?"]
[Site "?"]
[Date "????.??.??"]
[Round "?"]
[White "Roth, P."]
[Black "Norman, K."]
[Result "1/2-1/2"]
[WhiteElo "2263"]
[BlackElo "2172"]
[PlyCount "37"]
[EventDate "2010.??.??"]
[WhiteTeam "Österreich"]
[BlackTeam "England 1"]
[WhiteTeamCountry "AUT"]

1. e4 e5 2. Bc4 Nf6 3. d3 Nc6 4. f4 exf4 5. Bxf4 d5 6. exd5 Nxd5 7. Qe2+ Be6 8.
Bxd5 Qxd5 9. Nc3 Bb4 10. Bd2 Qa5 11. Nf3 O-O-O 12. O-O Rhe8 13. a3 Qb6+ 14. Be3
Bc5 15. Bxc5 Qxc5+ 16. Qf2 Qxf2+ 17. Rxf2 f6 18. h3 Bf7 19. Raf1 1/2-1/2

[Event "?"]
[Site "?"]
[Date "????.??.??"]
[Round "?"]
[White "Scholes, J."]
[Black "Kwatschewsky, L."]
[Result "1/2-1/2"]
[WhiteElo "2115"]
[BlackElo "2233"]
[PlyCount "83"]
[EventDate "2010.??.??"]
[WhiteTeam "England 1"]
[BlackTeam "Österreich"]
[BlackTeamCountry "AUT"]

1. c4 e5 2. Nc3 Nf6 3. g3 d5 4. cxd5 Nxd5 5. Bg2 Nb6 6. Nf3 Nc6 7. d3 Be7 8.
Be3 O-O 9. O-O Be6 10. Na4 Nd5 11. Bc5 Bd6 12. a3 b6 13. Bxd6 cxd6 14. Rc1 Rc8
15. h4 h6 16. Nc3 Qd7 17. d4 Nxc3 18. bxc3 Bg4 19. dxe5 dxe5 20. Qa4 Nd4 21.
Qd1 Nxf3+ 22. Bxf3 Qxd1 23. Rfxd1 Bxf3 24. exf3 Rfd8 25. Re1 f6 26. Re3 Rc5 27.
Kf1 Ra5 28. c4 Rd2 29. Rcc3 Kf7 30. Red3 Rxd3 31. Rxd3 Ke6 32. Ke2 Ra4 33. Rc3
Kd6 34. h5 f5 35. Rd3+ Ke6 36. Rc3 Kf6 37. f4 e4 38. c5 bxc5 39. Rxc5 Ra6 40.
a4 Rxa4 41. Rc6+ Kf7 42. Rc7+ 1/2-1/2

[Event "?"]
[Site "?"]
[Date "????.??.??"]
[Round "?"]
[White "Turikov, V."]
[Black "Bonner, G."]
[Result "1-0"]
[WhiteElo "2345"]
[BlackElo "2179"]
[PlyCount "75"]
[EventDate "2010.??.??"]
[WhiteTeam "St. Petersburg"]
[BlackTeam "Schottland 1"]

1. Nc3 d5 2. e3 Nf6 3. Nf3 c6 4. d4 Bg4 5. Be2 Nbd7 6. O-O e6 7. h3 Bh5 8. Ne5
Bxe2 9. Qxe2 Bd6 10. Nd3 Ne4 11. Bd2 O-O 12. Be1 Qe7 13. a3 e5 14. dxe5 Nxe5
15. Nxe4 dxe4 16. Nf4 Ng6 17. Nxg6 hxg6 18. Bc3 Be5 19. Qc4 Bxc3 20. Qxc3 Rfd8
21. Rad1 Rd7 22. Rd4 Rxd4 23. Qxd4 c5 24. Qa4 Qf6 25. b3 Qb2 26. Qxe4 Rd8 27.
a4 Rd2 28. Qe8+ Kh7 29. Qxf7 Qxc2 30. Qxb7 Rd3 31. Qxa7 Rxb3 32. a5 c4 33. Qd4
c3 34. Kh2 Rb5 35. a6 Qe2 36. Ra1 Qxf2 37. a7 Rg5 38. a8=Q 1-0

[Event "?"]
[Site "?"]
[Date "????.??.??"]
[Round "?"]
[White "White, A."]
[Black "Karasev, V."]
[Result "0-1"]
[WhiteElo "2123"]
[BlackElo "2344"]
[PlyCount "88"]
[EventDate "2010.??.??"]
[WhiteTeam "Schottland 1"]
[BlackTeam "St. Petersburg"]

1. e4 c5 2. Nf3 e6 3. b4 cxb4 4. d4 Nf6 5. Bd3 d5 6. exd5 Qxd5 7. O-O Nc6 8.
Re1 Be7 9. Bb2 O-O 10. Nbd2 Rd8 11. Qe2 Qh5 12. Rad1 Nd5 13. Ne4 Nf4 14. Qe3
Nxd3 15. Rxd3 b6 16. Ne5 Nxe5 17. dxe5 Rxd3 18. Qxd3 Bb7 19. Ng3 Qh4 20. Qd7
Bd5 21. Nf5 exf5 22. Qxd5 Rd8 23. Qb7 Bc5 24. g3 Qe7 25. Qxe7 Bxe7 26. Re2 Bc5
27. Kg2 Kf8 28. c3 bxc3 29. Bxc3 Rd3 30. Be1 Ke7 31. f4 Re3 32. Rxe3 Bxe3 33.
Kf3 Bg1 34. h3 Ke6 35. Ke2 Kd5 36. Kd3 b5 37. Bd2 h5 38. Be1 g6 39. Ke2 Ke4 40.
Bd2 Bh2 41. Be1 h4 42. g4 fxg4 43. hxg4 Bxf4 44. Bxh4 Bxe5 0-1

[Event "?"]
[Site "?"]
[Date "????.??.??"]
[Round "?"]
[White "Dommes, V."]
[Black "Borwell, A."]
[Result "1-0"]
[WhiteElo "2297"]
[BlackElo "2018"]
[PlyCount "75"]
[EventDate "2010.??.??"]
[WhiteTeam "St. Petersburg"]
[BlackTeam "Schottland 1"]

1. d4 Nf6 2. c4 b6 3. Nc3 Bb7 4. f3 e6 5. e4 d6 6. Bd3 Nbd7 7. Nge2 Be7 8. O-O
O-O 9. Ng3 e5 10. Be3 Ne8 11. f4 exd4 12. Bxd4 Bf6 13. Bc2 Bxd4+ 14. Qxd4 Qf6
15. e5 Qh4 16. Nf5 Qg4 17. Be4 Bxe4 18. Qxe4 Rd8 19. Rf3 Nc5 20. Qc2 Kh8 21.
Rd1 Ne6 22. Nd5 dxe5 23. Nfe3 Qh5 24. Rh3 Qxh3 25. gxh3 exf4 26. Ng2 f3 27. Ne1
c6 28. Nc3 Nd4 29. Qf2 Ne2+ 30. Kh1 Rxd1 31. Nxd1 Nf6 32. Nxf3 Re8 33. Nd4 Nc1
34. Nxc6 Re4 35. Qd2 Ne2 36. Nf2 Re8 37. Ng4 Nh5 38. Qd7 1-0

[Event "?"]
[Site "?"]
[Date "????.??.??"]
[Round "?"]
[White "Tseitlin, M."]
[Black "Schmidt, G."]
[Result "1-0"]
[WhiteElo "2404"]
[BlackElo "2241"]
[PlyCount "51"]
[EventDate "2010.??.??"]
[WhiteTeam "Israel"]
[BlackTeam "USV TU Dresden"]
[WhiteTeamCountry "ISR"]

1. e4 c5 2. Nf3 d6 3. d4 cxd4 4. Nxd4 Nf6 5. Nc3 a6 6. Bg5 Nc6 7. Qd3 Qa5 8. f4
e6 9. Nb3 Qb6 10. Bxf6 gxf6 11. Be2 h5 12. O-O-O Bd7 13. Rhf1 O-O-O 14. Kb1 Be7
15. Qh3 Kb8 16. Bxh5 Na5 17. Qf3 Nc4 18. Rd3 a5 19. a4 f5 20. exf5 Bc6 21. Qe2
Bf6 22. Bxf7 Nxb2 23. Kxb2 exf5 24. Qe6 Rh6 25. Qxf5 Rdh8 26. Qxa5 1-0

[Event "?"]
[Site "?"]
[Date "????.??.??"]
[Round "?"]
[White "Lenk, W."]
[Black "Lederman, L."]
[Result "1/2-1/2"]
[WhiteElo "2221"]
[BlackElo "2291"]
[PlyCount "59"]
[EventDate "2010.??.??"]
[WhiteTeam "USV TU Dresden"]
[BlackTeam "Israel"]
[BlackTeamCountry "ISR"]

1. e4 c5 2. Nf3 d6 3. d4 cxd4 4. Nxd4 Nf6 5. Nc3 a6 6. Bg5 e6 7. f4 Qb6 8. Nb3
Nbd7 9. Qf3 Qc7 10. O-O-O b5 11. Bd3 Bb7 12. Rhe1 Be7 13. Kb1 b4 14. Ne2 O-O
15. Qh3 Rfe8 16. Bxf6 Nxf6 17. Ned4 g6 18. f5 e5 19. Nf3 a5 20. Ng5 Bf8 21.
fxg6 fxg6 22. Rf1 Bg7 23. Rxf6 Bxf6 24. Bc4+ Qxc4 25. Qxh7+ Kf8 26. Qh6+ Bg7
27. Qxg6 Rac8 28. Nh7+ Kg8 29. Nf6+ Kf8 30. Nh7+ 1/2-1/2

[Event "?"]
[Site "?"]
[Date "????.??.??"]
[Round "?"]
[White "Roos, H.G."]
[Black "Peretz, M."]
[Result "0-1"]
[WhiteElo "2071"]
[BlackElo "2268"]
[PlyCount "72"]
[EventDate "2010.??.??"]
[WhiteTeam "USV TU Dresden"]
[BlackTeam "Israel"]
[BlackTeamCountry "ISR"]

1. Nf3 c5 2. g3 Nc6 3. Bg2 Nf6 4. O-O g6 5. d3 Bg7 6. e4 O-O 7. Nbd2 d5 8. c3
d4 9. c4 Bd7 10. h3 e5 11. Nb3 b6 12. Bg5 a5 13. Nbd2 h6 14. Bxf6 Bxf6 15. Nb1
Bg7 16. Nh4 Rb8 17. Na3 Na7 18. Rc1 Qe7 19. Qe2 Nc6 20. Nc2 Nb4 21. Nxb4 axb4
22. f4 Ra8 23. Ra1 Ra7 24. b3 b5 25. Qf2 bxc4 26. bxc4 Rfa8 27. f5 g5 28. f6
Bxf6 29. Qxf6 Qxf6 30. Rxf6 gxh4 31. Raf1 Be6 32. Rxh6 Rxa2 33. Rf5 b3 34. Rg5+
Kf8 35. Rh8+ Ke7 36. Rxa8 Rxa8 0-1

[Event "?"]
[Site "?"]
[Date "????.??.??"]
[Round "?"]
[White "Meier, W."]
[Black "Westerinen, H."]
[Result "0-1"]
[WhiteElo "2199"]
[BlackElo "2333"]
[PlyCount "76"]
[EventDate "2010.??.??"]
[WhiteTeam "BSW Lok Dresden"]
[BlackTeam "Finnland"]
[BlackTeamCountry "FIN"]

1. Nf3 Nf6 2. c4 d6 3. d4 g6 4. Nc3 Bg7 5. Bg5 h6 6. Bh4 g5 7. Bg3 Nh5 8. e3
Nc6 9. Be2 Bg4 10. Nd2 Nxg3 11. hxg3 Bxe2 12. Qxe2 e6 13. Rc1 Ne7 14. O-O c6
15. Rfd1 O-O 16. Nf3 d5 17. cxd5 exd5 18. Qc2 Re8 19. b4 a6 20. a4 Nc8 21. Rb1
Nd6 22. Nd2 b5 23. a5 f5 24. Ne2 Qe7 25. Nb3 Nc4 26. Nc5 Qf7 27. Rb3 Bf8 28.
Nd3 Bd6 29. Qc1 Qf6 30. Nc5 Re7 31. Rf1 h5 32. Rd3 Qh6 33. f4 g4 34. Re1 h4 35.
gxh4 Qxh4 36. Kf1 Rae8 37. Nxa6 Nxe3+ 38. Kg1 g3 0-1

[Event "?"]
[Site "?"]
[Date "????.??.??"]
[Round "?"]
[White "Hurme, H."]
[Black "Goldberg, V."]
[Result "1/2-1/2"]
[WhiteElo "2343"]
[BlackElo "2141"]
[PlyCount "124"]
[EventDate "2010.??.??"]
[WhiteTeam "Finnland"]
[BlackTeam "BSW Lok Dresden"]
[WhiteTeamCountry "FIN"]

1. d4 d5 2. c4 e6 3. Nc3 c6 4. Nf3 Be7 5. e4 dxe4 6. Nxe4 Nf6 7. Bd3 Nbd7 8.
O-O Nxe4 9. Bxe4 Nf6 10. Bc2 O-O 11. Be3 b6 12. Qd3 Bb7 13. Ng5 g6 14. f3 Qd7
15. Rad1 Rfd8 16. a3 Rac8 17. Qc3 Qe8 18. Ne4 Nd5 19. cxd5 cxd5 20. Nc5 bxc5
21. dxc5 d4 22. Rxd4 Bxc5 23. Rxd8 Bxe3+ 24. Qxe3 Qxd8 25. Be4 Bxe4 26. fxe4
Qb6 27. Qxb6 axb6 28. Rd1 Kg7 29. Rd6 Rc1+ 30. Kf2 Rc2+ 31. Kf3 Rxb2 32. h4 h6
33. g4 Kf6 34. Kf4 g5+ 35. hxg5+ hxg5+ 36. Ke3 Rb3+ 37. Kd4 Ke7 38. e5 Rxa3 39.
Rxb6 Ra4+ 40. Ke3 Rxg4 41. Rb8 Rf4 42. Rg8 Rf5 43. Ke4 Kd7 44. Kd4 Kc6 45. Rc8+
Kb5 46. Rb8+ Ka4 47. Ke4 Ka3 48. Kd4 Ka4 49. Ke4 Ka5 50. Kd4 Ka6 51. Ke4 Ka7
52. Rb1 f6 53. exf6 Rxf6 54. Ke5 Rg6 55. Kd6 g4 56. Ke7 e5 57. Kf7 Rc6 58. Rg1
Kb6 59. Re1 Rc5 60. Ke6 Kb5 61. Kf5 g3 62. Rg1 Kc4 1/2-1/2

[Event "?"]
[Site "?"]
[Date "????.??.??"]
[Round "?"]
[White "Eskandary, J."]
[Black "Havansi, E."]
[Result "1/2-1/2"]
[WhiteElo "2139"]
[BlackElo "2240"]
[PlyCount "34"]
[EventDate "2010.??.??"]
[WhiteTeam "BSW Lok Dresden"]
[BlackTeam "Finnland"]
[BlackTeamCountry "FIN"]

1. e4 c5 2. Nc3 Nc6 3. Bc4 e6 4. d3 a6 5. a3 Nf6 6. Ba2 Be7 7. f4 d6 8. Nf3 Qc7
9. O-O O-O 10. Ne2 b5 11. Ng3 Bb7 12. c3 a5 13. d4 d5 14. e5 Ne4 15. Be3 cxd4
16. cxd4 b4 17. a4 Ba6 1/2-1/2

[Event "?"]
[Site "?"]
[Date "????.??.??"]
[Round "?"]
[White "Saren, I."]
[Black "Schwier, M."]
[Result "1/2-1/2"]
[WhiteElo "2207"]
[BlackElo "2165"]
[PlyCount "28"]
[EventDate "2010.??.??"]
[WhiteTeam "Finnland"]
[BlackTeam "BSW Lok Dresden"]
[WhiteTeamCountry "FIN"]

1. e4 d5 2. exd5 Qxd5 3. Nc3 Qa5 4. d4 Nf6 5. Nf3 Bf5 6. Bd3 Nbd7 7. Bxf5 Qxf5
8. O-O O-O-O 9. Qe2 e6 10. Nh4 Qg4 11. Qxg4 Nxg4 12. h3 Ngf6 13. Nf3 h6 14. a3
g5 1/2-1/2

[Event "?"]
[Site "?"]
[Date "????.??.??"]
[Round "?"]
[White "Pekun, C."]
[Black "Vucenovic, D."]
[Result "1/2-1/2"]
[WhiteElo "2229"]
[BlackElo "2288"]
[PlyCount "74"]
[EventDate "2010.??.??"]
[WhiteTeam "Türkei"]
[BlackTeam "Schweiz"]
[WhiteTeamCountry "TUR"]
[BlackTeamCountry "SUI"]

1. e4 e5 2. Nf3 Nc6 3. Bb5 a6 4. Ba4 Nf6 5. Bxc6 dxc6 6. d3 Bd6 7. Nbd2 Bg4 8.
h3 Bxf3 9. Qxf3 Qe7 10. Nc4 Nd7 11. O-O Nf8 12. a4 Ne6 13. c3 O-O 14. Be3 b5
15. Na5 c5 16. Rfd1 Rfc8 17. axb5 axb5 18. d4 cxd4 19. cxd4 exd4 20. Nc6 Qe8
21. Rxa8 Rxa8 22. Nxd4 Nxd4 23. Bxd4 Be5 24. g3 h6 25. Kg2 Rd8 26. Bxe5 Rxd1
27. Qxd1 Qxe5 28. Qd8+ Kh7 29. Qd5 Qxb2 30. Qf5+ g6 31. Qxf7+ Qg7 32. Qd5 Qe7
33. e5 b4 34. e6 Kg8 35. Qe4 Kg7 36. Qe5+ Kg8 37. Qe4 Kg7 1/2-1/2

[Event "?"]
[Site "?"]
[Date "????.??.??"]
[Round "?"]
[White "Bhend, E."]
[Black "Ozbilen, H."]
[Result "*"]
[WhiteElo "2208"]
[BlackElo "2109"]
[PlyCount "83"]
[EventDate "2010.??.??"]
[WhiteTeam "Schweiz"]
[BlackTeam "Türkei"]
[WhiteTeamCountry "SUI"]
[BlackTeamCountry "TUR"]

1. e4 c5 2. Nf3 Nc6 3. c3 d6 4. d4 cxd4 5. cxd4 Nf6 6. Nc3 a6 7. h3 e6 8. Bd3
Be7 9. O-O e5 10. d5 Nb8 11. a4 Nbd7 12. a5 Nf8 13. Nd2 Ng6 14. Nc4 Nd7 15. Be3
O-O 16. Ne2 Nc5 17. Bc2 Nd7 18. Ng3 Nh4 19. Nf5 Nxf5 20. exf5 Qc7 21. Qe2 Nf6
22. Nb6 Rb8 23. g3 h6 24. Rfc1 Bd7 25. Bb1 Qd8 26. Ra3 Bb5 27. Qc2 Ne8 28. Rc3
Bg5 29. Qd2 Bxe3 30. Qxe3 Nf6 31. Bd3 Bxd3 32. Rxd3 Nd7 33. Rb3 Nc5 34. Rbc3
Qe8 35. f6 Na4 36. fxg7 Kxg7 37. Rb3 Nc5 38. Ra3 f5 39. Nc4 f4 40. Qe1 Qe7 41.
Rac3 Na4 42. Ra3 *

[Event "?"]
[Site "?"]
[Date "????.??.??"]
[Round "?"]
[White "Muratoglu, S."]
[Black "Hohler, P."]
[Result "1/2-1/2"]
[WhiteElo "2083"]
[BlackElo "2203"]
[PlyCount "53"]
[EventDate "2010.??.??"]
[WhiteTeam "Türkei"]
[BlackTeam "Schweiz"]
[WhiteTeamCountry "TUR"]
[BlackTeamCountry "SUI"]

1. d4 Nf6 2. c4 e6 3. Nc3 Bb4 4. Qc2 O-O 5. a3 Bxc3+ 6. Qxc3 b6 7. Bg5 Bb7 8.
Nf3 d6 9. g3 h6 10. Bxf6 Qxf6 11. Bg2 Nd7 12. O-O e5 13. Nxe5 dxe5 14. dxe5
Qxe5 15. Qxe5 Nxe5 16. Bxb7 Rad8 17. b3 Rd2 18. Rfe1 Rfd8 19. Be4 Rb2 20. f4
Rd4 21. Rab1 Ra2 22. Bf5 g6 23. Bh3 Nc6 24. Rbd1 Rxe2 25. Rxe2 Rxd1+ 26. Kf2
Kf8 27. b4 1/2-1/2

[Event "?"]
[Site "?"]
[Date "????.??.??"]
[Round "?"]
[White "Postler, R."]
[Black "Van Herck, M."]
[Result "1-0"]
[WhiteElo "2325"]
[BlackElo "2156"]
[PlyCount "57"]
[EventDate "2010.??.??"]
[WhiteTeam "Berlin"]
[BlackTeam "Belgien"]
[BlackTeamCountry "BEL"]

1. e4 c6 2. d4 d5 3. Nc3 dxe4 4. Nxe4 Nd7 5. Nf3 Ngf6 6. Nxf6+ Nxf6 7. Bc4 Bf5
8. O-O e6 9. Bf4 Bg4 10. c3 Bd6 11. Bxd6 Qxd6 12. Re1 O-O 13. h3 Bh5 14. Qd3
Rfd8 15. Qe3 Bxf3 16. Qxf3 Nd5 17. Re5 b5 18. Bb3 a5 19. Rae1 a4 20. Bc2 b4 21.
Bxh7+ Kxh7 22. Qxf7 Nf6 23. R1e4 Qxe5 24. Rxe5 a3 25. Rg5 Ra7 26. Qxa7 Rd7 27.
Qa4 Ne4 28. Qc2 Kh6 29. Rg4 1-0

[Event "?"]
[Site "?"]
[Date "????.??.??"]
[Round "?"]
[White "Maes, V."]
[Black "Brameyer, H."]
[Result "1/2-1/2"]
[WhiteElo "2163"]
[BlackElo "2237"]
[PlyCount "31"]
[EventDate "2010.??.??"]
[WhiteTeam "Belgien"]
[BlackTeam "Berlin"]
[WhiteTeamCountry "BEL"]

1. d4 d5 2. Nf3 Nf6 3. c4 e6 4. Nc3 c6 5. cxd5 exd5 6. Bg5 h6 7. Bh4 Bf5 8. e3
Nbd7 9. Bd3 Bxd3 10. Qxd3 Be7 11. O-O O-O 12. Rab1 a5 13. Qc2 Ne4 14. Nxe4 Bxh4
15. Nxh4 Qxh4 16. Nc5 1/2-1/2

[Event "?"]
[Site "?"]
[Date "????.??.??"]
[Round "?"]
[White "Thormann, W."]
[Black "Hajenius, W."]
[Result "1/2-1/2"]
[WhiteElo "2273"]
[BlackElo "2043"]
[PlyCount "28"]
[EventDate "2010.??.??"]
[WhiteTeam "Berlin"]
[BlackTeam "Belgien"]
[BlackTeamCountry "BEL"]

1. e4 c5 2. Nc3 e6 3. f4 d5 4. exd5 exd5 5. Bb5+ Nc6 6. Qe2+ Be7 7. Nf3 Nf6 8.
Ne5 Qc7 9. O-O O-O 10. Nxc6 bxc6 11. Ba4 Bg4 12. Qe1 Rfe8 13. d3 Bd6 14. Qh4
Re7 1/2-1/2

[Event "?"]
[Site "?"]
[Date "????.??.??"]
[Round "?"]
[White "Walter, G."]
[Black "Bachmann, K."]
[Result "1/2-1/2"]
[WhiteElo "2281"]
[BlackElo "2301"]
[PlyCount "41"]
[EventDate "2010.??.??"]
[WhiteTeam "Brandenburg"]
[BlackTeam "Sfr. Katernberg"]

1. e4 c5 2. Nc3 e6 3. f4 a6 4. Nf3 Nc6 5. g3 d6 6. Bg2 Nf6 7. d4 cxd4 8. Nxd4
Qc7 9. Nb3 Be7 10. Be3 O-O 11. O-O Na5 12. Nxa5 Qxa5 13. Qd2 Qc7 14. Bf3 Bd7
15. g4 Bc6 16. g5 Nd7 17. Rad1 Rfd8 18. Qf2 b5 19. Ne2 Qb7 20. Ng3 Rac8 21. h4
1/2-1/2

[Event "?"]
[Site "?"]
[Date "????.??.??"]
[Round "?"]
[White "Skorna, U."]
[Black "Krueger, E."]
[Result "1-0"]
[WhiteElo "2101"]
[BlackElo "2248"]
[PlyCount "129"]
[EventDate "2010.??.??"]
[WhiteTeam "Brandenburg"]
[BlackTeam "Sfr. Katernberg"]

1. e4 c6 2. d4 d5 3. e5 Bf5 4. Nf3 e6 5. Be2 c5 6. O-O Nc6 7. c3 Bg6 8. Qa4 Qa5
9. Qxa5 Nxa5 10. dxc5 Nc6 11. b4 Bh5 12. Re1 Bxf3 13. Bxf3 Nge7 14. b5 Na5 15.
Nd2 Ng6 16. Ba3 b6 17. c4 Rd8 18. cxd5 exd5 19. Rac1 Nf4 20. Be2 Ne6 21. Nb3
Nxb3 22. axb3 Bxc5 23. Bxc5 Nxc5 24. b4 Ne6 25. Ra1 Rd7 26. Bg4 Ke7 27. f4 h5
28. Bh3 Rc7 29. g3 Rd8 30. Rec1 Rxc1+ 31. Rxc1 g6 32. Kf2 d4 33. Rc6 Rd5 34.
Bxe6 fxe6 35. Rc7+ Kf8 36. Rxa7 Rxb5 37. Ra4 g5 38. Ke2 gxf4 39. gxf4 Kg7 40.
Kd3 Rd5 41. Ra3 Kg6 42. Ke4 Rb5 43. Rg3+ Kf7 44. Rb3 Kg6 45. Kxd4 Kf5 46. Ke3
h4 47. h3 Kg6 48. Ke4 Kf7 49. Kf3 Rd5 50. Kg4 Rd4 51. Kg5 Re4 52. b5 Ke7 53.
Ra3 Rb4 54. Ra7+ Kd8 55. Rh7 Rxb5 56. Kxh4 Rd5 57. Kg5 b5 58. Rb7 Kc8 59. Rb6
Kc7 60. Rxe6 b4 61. Ra6 b3 62. Ra1 b2 63. Rb1 Rb5 64. Kf6 Kd8 65. e6 1-0

[Event "?"]
[Site "?"]
[Date "????.??.??"]
[Round "?"]
[White "Donchenko, A."]
[Black "Weiß, W."]
[Result "1-0"]
[WhiteElo "2380"]
[BlackElo "2199"]
[PlyCount "105"]
[EventDate "2010.??.??"]
[WhiteTeam "Hessen 1"]
[BlackTeam "Stiftg BSW/DBAG 1"]

1. Nf3 d6 2. d4 c6 3. g3 e6 4. Bg2 d5 5. c4 Nf6 6. Nbd2 Be7 7. Qc2 O-O 8. O-O
b6 9. e4 Ba6 10. b3 Nbd7 11. Bb2 Rc8 12. Rfe1 Bb7 13. Rad1 h6 14. a3 a5 15. Qb1
Re8 16. Ne5 Nxe4 17. Nxe4 dxe4 18. Qxe4 Nxe5 19. Qxe5 Bf6 20. Qe2 Qc7 21. c5
bxc5 22. dxc5 Bxb2 23. Qxb2 Red8 24. b4 Rxd1 25. Rxd1 Rd8 26. Rd4 Ba6 27. h4
axb4 28. Qxb4 Rb8 29. Qd2 Rb1+ 30. Kh2 Rb8 31. a4 Bb7 32. Rd7 Qe5 33. Qd6 Qxd6
34. cxd6 Kf8 35. a5 Ba8 36. a6 Ke8 37. Ra7 Kf8 38. Rc7 Ke8 39. a7 Rd8 40. Re7+
Kf8 41. Rc7 Ke8 42. h5 e5 43. Bxc6+ Bxc6 44. Rxc6 Kd7 45. Rb6 Ra8 46. Rb7+ Kxd6
47. Rxf7 Ke6 48. Rxg7 Kf5 49. Kh3 e4 50. Rb7 Ke5 51. Rb5+ Kd4 52. Ra5 Kd3 53.
Ra2 1-0

[Event "?"]
[Site "?"]
[Date "????.??.??"]
[Round "?"]
[White "Niebling, F."]
[Black "Fleuch, H."]
[Result "1/2-1/2"]
[WhiteElo "2197"]
[BlackElo "2121"]
[PlyCount "54"]
[EventDate "2010.??.??"]
[WhiteTeam "Hessen 1"]
[BlackTeam "Stiftg BSW/DBAG 1"]

1. d4 Nc6 2. Nf3 d5 3. Bf4 Bg4 4. e3 e6 5. Nbd2 Bb4 6. c3 Ba5 7. Qa4 Bxf3 8.
Nxf3 Nge7 9. Bb5 O-O 10. O-O Bb6 11. Bd3 Ng6 12. Bg3 Nce7 13. Qc2 Qd7 14. Ne5
Qc8 15. Qe2 Nf5 16. Qh5 Nxg3 17. fxg3 Qe8 18. Rf3 f5 19. Nxg6 Qxg6 20. Qh4 c6
21. Raf1 Qf6 22. Qxf6 Rxf6 23. g4 g6 24. gxf5 gxf5 25. c4 Rg6 26. cxd5 cxd5 27.
Rc1 Rg7 1/2-1/2

[Event "?"]
[Site "?"]
[Date "????.??.??"]
[Round "?"]
[White "Just, J."]
[Black "Zunker, R."]
[Result "1/2-1/2"]
[WhiteElo "2029"]
[BlackElo "2160"]
[PlyCount "97"]
[EventDate "2010.??.??"]
[WhiteTeam "Stiftg BSW/DBAG 1"]
[BlackTeam "Hessen 1"]

1. c4 e5 2. g3 Nc6 3. Bg2 g6 4. Nc3 Bg7 5. e3 f5 6. d3 Nf6 7. Nge2 O-O 8. O-O
d6 9. Rb1 Ne7 10. f4 c6 11. h3 Be6 12. Kh2 Qc7 13. Qa4 Nd7 14. Qc2 d5 15. b3 e4
16. Ba3 Rf7 17. Bxe7 Rxe7 18. cxd5 cxd5 19. d4 b5 20. Qd2 Qb7 21. Rbc1 Nf6 22.
Nb1 Bf8 23. Rc2 Rc7 24. Rxc7 Qxc7 25. Rc1 Qb6 26. Rc2 Bd6 27. Qc1 Bd7 28. Bf1
Kf7 29. Ng1 h6 30. Be2 Rg8 31. Qd1 g5 32. Bf1 Ke7 33. Nc3 h5 34. Kh1 h4 35. Rg2
b4 36. Nce2 hxg3 37. Rxg3 g4 38. Rg2 Rh8 39. Rh2 Bb5 40. Qe1 Qb8 41. Ng3 Bd7
42. Be2 a5 43. Qf1 Qc8 44. Bb5 Be6 45. Be2 Qc3 46. Qf2 Qa1 47. hxg4 Rxh2+ 48.
Qxh2 fxg4 49. Qh8 1/2-1/2

[Event "?"]
[Site "?"]
[Date "????.??.??"]
[Round "?"]
[White "Krieger, H."]
[Black "Opl, K."]
[Result "0-1"]
[WhiteElo "2257"]
[BlackElo "2360"]
[PlyCount "31"]
[EventDate "2010.??.??"]
[WhiteTeam "Pfalz"]
[BlackTeam "Wien I"]

1. e4 e5 2. Nf3 Nc6 3. Bb5 a6 4. Ba4 Nf6 5. O-O Be7 6. Re1 b5 7. Bb3 O-O 8. h3
Bb7 9. c3 d5 10. exd5 Nxd5 11. Nxe5 Nxe5 12. Rxe5 Nf4 13. d4 Nxg2 14. d5 Bd6
15. Rg5 Nf4 16. Qf3 0-1

[Event "?"]
[Site "?"]
[Date "????.??.??"]
[Round "?"]
[White "Keller, L."]
[Black "Dueckstein, A."]
[Result "0-1"]
[WhiteElo "2086"]
[BlackElo "2227"]
[PlyCount "86"]
[EventDate "2010.??.??"]
[WhiteTeam "Pfalz"]
[BlackTeam "Wien 1"]

1. e4 c6 2. d4 d5 3. f3 e6 4. Nc3 Bb4 5. Bf4 Nf6 6. e5 Nfd7 7. a3 Be7 8. b4 a5
9. b5 f6 10. Bd3 fxe5 11. dxe5 O-O 12. Nh3 Qc7 13. Qe2 c5 14. Nxd5 exd5 15. e6
Qd8 16. exd7 Bxd7 17. Bxb8 Rxb8 18. c4 Re8 19. O-O Bf6 20. Qc2 Bxh3 21. Bxh7+
Kf8 22. Rad1 Bd4+ 23. Rxd4 cxd4 24. gxh3 Qg5+ 25. Kh1 Rbc8 26. f4 Qf6 27. c5
Re3 28. c6 bxc6 29. Bf5 Rc3 30. Qb1 Rb8 31. b6 a4 32. Re1 Rb3 33. Qc2 Re3 34.
Rg1 Qe7 35. Qxa4 c5 36. Qc6 Re1 37. Qxd5 Rxg1+ 38. Kxg1 Rxb6 39. h4 Qe3+ 40.
Kh1 Qe1+ 41. Kg2 Rb2+ 42. Kh3 Qe3+ 43. Kg4 Qe2+ 0-1

[Event "?"]
[Site "?"]
[Date "????.??.??"]
[Round "?"]
[White "Strobel, F."]
[Black "Betz, E."]
[Result "1/2-1/2"]
[WhiteElo "2148"]
[BlackElo "2011"]
[PlyCount "31"]
[EventDate "2010.??.??"]
[WhiteTeam "Wien 1"]
[BlackTeam "Pfalz"]

1. f4 d5 2. Nf3 Nf6 3. g3 g6 4. Bg2 Bg7 5. O-O c5 6. d3 Nc6 7. Nc3 Rb8 8. e4 d4
9. Ne2 O-O 10. h3 b5 11. g4 Qb6 12. f5 Bb7 13. Nf4 Nd8 14. Qe1 Nd7 15. Qh4 Ne5
16. Nxe5 1/2-1/2